000 00328 a2200157 4500
001 170522
020 _a
040 _cMagnum
100 _aBardari, Sérsi
240 1 0 _aAmeaca nas trilhas do taro
_lpor
245 1 0 _aAmeaca nas trilhas do taro
362 0 _a1899
440 1 _aÁtica
697 _aJ/FICCAO
942 _cBK
999 _c170522
_d170522